[Event "Dortmund Open"]
[Site "Dortmund GER"]
[Date "1990.??.??"]
[Round "8"]
[White "Tischbierek, Raj"]
[Black "Smagin, Sergey B"]
[Result "1-0"]
[WhiteElo "2440"]
[BlackElo "2520"]
[PlyCount "91"]
[EventDate "1990.04.??"]
[Source "www.chesslib.no"]
[SourceDate "2004.05.04"]

1. e4 e5 2. Nf3 Nc6 3. Bc4 Be7 4. d4 d6 5. Nc3 Nf6 6. h3 O-O 7. O-O a6 8. a4 Nd7 9. Nd5 Nf6 10. Nxe7+ Qxe7 11. Re1 Na5 12. Bf1 c5 13. c3 Nc6 14. Bg5 h6 15. Bh4 Re8 16. d5 Nb8 17. Nd2 Nbd7 18. b4 cxb4 19. cxb4 a5 20. bxa5 g5 21. Bg3 Nc5 22. f3 Rxa5 23. Nc4 Ra7 24. Bf2 Qc7 25. a5 Bd7 26. Qc2 Rc8 27. Rec1 Ne8 28. Nxd6 Nxd6 29. Qxc5 Qxc5 30. Bxc5 Rxc5 31. Rxc5 b6 32. Rc2 bxa5 33. Rac1 Ra8 34. Rc7 Be8 35. Rb1 f5 36. Rb6 Rd8 37. exf5 Nxf5 38. Ra7 a4 39. Bb5 Bf7 40. Bc6 h5 41. Rxa4 Nd6 42. Ra8 Rf8 43. Rbb8 Rxb8 44. Rxb8+ Kg7 45. Rd8 Nf5 46. Be8 1-0

[Event "JUG-ch"]
[Site "Zagreb"]
[Date "1977.??.??"]
[Round "1"]
[White "Karaklajic, Nikola"]
[Black "Knezevic, Milorad"]
[Result "1-0"]
[WhiteElo "2460"]
[BlackElo "2500"]
[PlyCount "76"]
[EventDate "1977.02.??"]
[Source "ChessBase"]

1. e4 e5 2. Nf3 Nc6 3. Bc4 Be7 4. d4 exd4 5. c3 d3 6. Qb3 Na5 7. Bxf7+ Kf8 8. Qa4 Kxf7 9. Qxa5 c6 10. Ne5+ Ke6 11. Nxc6 Qxa5 12. Nxa5 d5 13. exd5+ Kxd5 14. O-O b6 15. Nb3 Nf6 16. Be3 Bd6 17. h3 Ba6 18. Rd1 Rhe8 19. N1d2 Rac8 20. a4 Bb8 21. Nf3 Bc4 22. Nc1 Rcd8 23. b3 Ba6 24. a5 Bb7 25. axb6 axb6 26. Bxb6 Rd6 27. Bd4 Ke6 28. Ne5 Red8 29. Ncxd3 Kf5 30. g4+ Kg5 31. Nf7+ Kh4 32. Nxd6 Rxd6 33. Be5 Ne4 34. Ne1 Kxh3 35. Bxd6 Bxd6 36. Rd3+ Kh4 37. Ra7 Bc5 38. Rxb7 Nxf2 1-0

[Event "It (open)"]
[Site "Balaguer (Spain)"]
[Date "2007.07.20"]
[Round "5"]
[White "Korneev Oleg (RUS)"]
[Black "Mascaro March Pedro (ESP)"]
[Result "1-0"]
[WhiteElo "2565"]
[BlackElo "2390"]
[PlyCount "103"]
[EventDate "2007.??.??"]
[Source "www.chesslib.no"]
[SourceDate "2004.05.04"]

1. e4 e5 2. Nf3 Nc6 3. Bc4 Be7 4. O-O Nf6 5. d3 O-O 6. Re1 d6 7. a4 Nd4 8. Nxd4 exd4 9. c3 dxc3 10. Nxc3 c6 11. Qb3 Nd7 12. d4 Qa5 13. Bd2 Qh5 14. Ne2 Nb6 15. Nf4 Qh4 16. Bd3 g5 17. g3 Qh6 18. a5 Nd7 19. Ng2 c5 20. Ne3 cxd4 21. Nf5 Qf6 22. Be2 Nc5 23. Nxe7+ Qxe7 24. Qd5 h6 25. Bc4 Qe5 26. Qxe5 dxe5 27. Bb4 Be6 28. Bxc5 Bxc4 29. Bxf8 Kxf8 30. Rec1 Ba6 31. Rc5 Re8 32. f3 g4 33. fxg4 Be2 34. h3 Re6 35. Ra3 b6 36. Rc8+ Kg7 37. Kf2 d3 38. Ke3 Rf6 39. axb6 axb6 40. Rd8 Rf3+ 41. Kd2 Rxg3 42. Rb3 Rxh3 43. Rxb6 Rh2 44. b4 Bxg4+ 45. Kxd3 h5 46. Rbb8 Rb2 47. Kc3 Re2 48. b5 Rxe4 49. b6 Re1 50. b7 Bf3 51. Rd3 Be4 52. Rf8 1-0

[Event "Kuban Spring"]
[Site "?"]
[Date "2002.04.??"]
[Round "?"]
[White "Malaniuk Vladimir P"]
[Black "Bryzgalin Kirill"]
[Result "1/2-1/2"]
[WhiteElo "2555"]
[BlackElo "2396"]
[PlyCount "37"]
[EventDate "2002.??.??"]
[Source "www.chesslib.no"]
[SourceDate "2004.05.04"]

1. e4 e5 2. Nf3 Nc6 3. Bc4 Be7 4. d4 exd4 5. Nxd4 d6 6. O-O Nf6 7. Nc3 O-O 8. h3 Bd7 9. b3 Ne5 10. Be2 c5 11. Nf3 Bc6 12. Nxe5 dxe5 13. Bd3 a6 14. a4 c4 15. bxc4 Nd7 16. Nd5 Bc5 17. a5 Rc8 18. Qg4 Kh8 19. Qe2 1/2-1/2

[Event "SUI-chT"]
[Site "SUI"]
[Date "1999.??.??"]
[Round "1.2"]
[White "Huebner, Robert"]
[Black "Herb, Pascal"]
[Result "1-0"]
[WhiteElo "2585"]
[BlackElo "2356"]
[PlyCount "73"]
[EventDate "1999.01.??"]
[Source "www.chesslib.no"]
[SourceDate "2004.05.04"]

1. e4 e5 2. Nf3 Nc6 3. Bc4 Be7 4. d4 d6 5. d5 Nb8 6. Bd3 Nf6 7. c4 O-O 8. h3 a5 9. Nc3 Na6 10. Be3 Kh8 11. a3 Bd7 12. Rb1 Ng8 13. g4 g6 14. Rg1 Qc8 15. Qc2 b6 16. b4 axb4 17. axb4 f6 18. Ke2 Rf7 19. Rb3 Nb8 20. Nd2 Qf8 21. Rbb1 f5 22. f3 Bh4 23. Ra1 Rxa1 24. Rxa1 fxg4 25. hxg4 Nf6 26. Rh1 g5 27. Kd1 Bxg4 28. fxg4 Nxg4 29. Bg1 Bf2 30. Kc1 Ne3 31. Qa4 b5 32. Qxb5 g4 33. Bxf2 Rxf2 34. Ne2 Rg2 35. Qb7 Nd7 36. Qxc7 Nf6 37. Qa7 1-0

[Event "BL2-O9798"]
[Site "Germany"]
[Date "1997.??.??"]
[Round "3.1"]
[White "Bus, Mariusz"]
[Black "Slobodjan, Roman"]
[Result "0-1"]
[WhiteElo "2390"]
[BlackElo "2550"]
[PlyCount "60"]
[EventDate "1997.10.??"]
[Source "www.chesslib.no"]
[SourceDate "2004.05.04"]

1. e4 e5 2. Nf3 Nc6 3. Bc4 Be7 4. d3 d6 5. Nbd2 Na5 6. Bb5+ c6 7. Ba4 b5 8. Bb3 Nf6 9. O-O O-O 10. Re1 Re8 11. Nf1 Qc7 12. Ng3 Bf8 13. Bg5 Nd7 14. Qd2 Nxb3 15. axb3 f6 16. Be3 d5 17. Qc1 a6 18. Nh4 Nc5 19. f4 dxe4 20. fxe5 Nd7 21. exf6 Nxf6 22. Nxe4 Nxe4 23. dxe4 Rxe4 24. Bf2 Rxe1+ 25. Qxe1 c5 26. Rd1 Qc6 27. Nf3 Bb7 28. Bg3 Re8 29. Be5 Qg6 30. Qg3 Bxf3 0-1

[Event "Corr"]
[Site "?"]
[Date "2001.11.01"]
[Round "?"]
[White "Rocius Marijonas (LTU)"]
[Black "Hristov Ilja (BUL)"]
[Result "1/2-1/2"]
[WhiteElo "2497"]
[BlackElo "2443"]
[PlyCount "51"]
[EventDate "2001.??.??"]
[Source "www.chesslib.no"]
[SourceDate "2004.05.04"]

1. e4 e5 2. Nf3 Nc6 3. Bc4 Be7 4. d4 d6 5. dxe5 dxe5 6. Bd5 Bd6 7. Ng5 Nh6 8. h3 Bd7 9. Nc3 Qe7 10. Bb3 O-O-O 11. Nd5 Qf8 12. c3 Ne7 13. Be3 Kb8 14. Qe2 Ng6 15. O-O-O c6 16. Nb4 f6 17. Ne6 Bxe6 18. Bxe6 Qe7 19. Qc4 Bxb4 20. cxb4 Nf4 21. Bxf4 exf4 22. h4 Rhe8 23. Rxd8+ Rxd8 24. Rd1 Rxd1+ 25. Kxd1 a6 26. a3 1/2-1/2

[Event "ESP-chT Final"]
[Site "Sanxenxo"]
[Date "2003.11.19"]
[Round "3"]
[White "Perez, Rodney"]
[Black "Galego, Luis"]
[Result "1/2-1/2"]
[WhiteElo "2449"]
[BlackElo "2488"]
[PlyCount "99"]
[EventDate "2003.11.17"]
[Source "Roberto Alvarez"]
[SourceDate "2003.12.08"]

1. e4 e5 2. Nf3 Nc6 3. Bc4 Be7 4. O-O Nf6 5. d3 O-O 6. Re1 d6 7. a4 a6 8. a5 b5 9. axb6 cxb6 10. Nc3 Nb4 11. Na2 Nxa2 12. Rxa2 Bb7 13. Bd2 Qc7 14. Qe2 b5 15. Ba5 Qc8 16. Bb3 Nd7 17. d4 Bf6 18. c3 exd4 19. cxd4 Re8 20. Qd3 Nf8 21. h3 Ne6 22. Bd2 Qd7 23. Bc2 g6 24. b4 Rac8 25. d5 Nf8 26. Bb3 Qe7 27. Nd4 Nd7 28. f4 Bg7 29. Nc6 Bxc6 30. dxc6 Rxc6 31. Bd5 Rb6 32. Be3 Rbb8 33. Rxa6 Qh4 34. Rf1 Nf6 35. Bf2 Qh6 36. Bc6 Rf8 37. Ba7 Rbc8 38. Qxb5 Nh5 39. Qg5 Qxg5 40. fxg5 Rc7 41. Be3 Ng3 42. Rd1 f5 43. gxf6 Bxf6 44. Bd5+ Kg7 45. Ra7 Ne2+ 46. Kh1 Rxa7 47. Bxa7 Be5 48. Bc6 Ng3+ 49. Kg1 Ne2+ 50. Kh1 1/2-1/2

[Event "Sunny Beach BUL, Open 2005"]
[Site "?"]
[Date "2005.09.19"]
[Round "4.2"]
[White "Drenchev Petar"]
[Black "Bojkov Dejan"]
[Result "1/2-1/2"]
[WhiteElo "2412"]
[BlackElo "2522"]
[PlyCount "85"]
[EventDate "2005.??.??"]
[Source "www.chesslib.no"]
[SourceDate "2004.05.04"]

1. e4 e5 2. Nf3 Nc6 3. Bc4 Be7 4. O-O Nf6 5. d3 O-O 6. Nbd2 d6 7. a4 Be6 8. Re1 Na5 9. Bxe6 fxe6 10. d4 Nc6 11. c3 Qd7 12. Nf1 exd4 13. cxd4 d5 14. Ne5 Nxe5 15. dxe5 Ne8 16. exd5 Rd8 17. d6 cxd6 18. exd6 Nxd6 19. Qb3 Nf5 20. Be3 Nxe3 21. Nxe3 Bc5 22. Rad1 Qf7 23. Qc2 Bd4 24. Rd2 a6 25. Nc4 Rd5 26. Ne3 Rc5 27. Qb3 b5 28. Nd1 e5 29. Qxf7+ Rxf7 30. axb5 axb5 31. Kf1 Ra7 32. Ke2 Kf7 33. Ne3 g6 34. Rb1 Ra2 35. Kd3 Ke6 36. Rc2 h5 37. Rxc5 Bxc5 38. Nd1 Ra4 39. Rc1 Rd4+ 40. Ke2 Re4+ 41. Kd3 Rd4+ 42. Ke2 Re4+ 43. Kd3 1/2-1/2

[Event "Wattens op 15th"]
[Site "Wattens"]
[Date "2000.09.02"]
[Round "8"]
[White "Gurevich, Vladimir"]
[Black "Kotan, Ladislav"]
[Result "1/2-1/2"]
[WhiteElo "2499"]
[BlackElo "2434"]
[PlyCount "23"]
[EventDate "2000.08.26"]
[Source "www.chesslib.no"]
[SourceDate "2004.05.04"]

1. e4 e5 2. Nf3 Nc6 3. Bc4 Be7 4. d4 d6 5. d5 Nb8 6. Bd3 Nf6 7. c4 Nbd7 8. Nc3 O-O 9. Bc2 c5 10. h3 a6 11. a4 b6 12. Be3 1/2-1/2

[Event "EUCup 17th"]
[Site "Panormo"]
[Date "2001.09.28"]
[Round "6"]
[White "Svetushkin, Dmitry"]
[Black "Zilberman, Yaacov"]
[Result "1/2-1/2"]
[WhiteElo "2461"]
[BlackElo "2471"]
[PlyCount "73"]
[EventDate "2001.09.22"]
[Source "ChessBase"]
[SourceDate "2001.10.26"]

1. e4 e5 2. Nf3 Nc6 3. Bc4 Be7 4. O-O d6 5. Re1 Nf6 6. c3 O-O 7. Bb3 h6 8. h3 Re8 9. d4 Bf8 10. Nbd2 Bd7 11. Bc2 g6 12. Nf1 Bg7 13. Ng3 b5 14. Be3 a6 15. Qd2 Kh7 16. Rad1 Qe7 17. Qe2 Na5 18. b3 c5 19. Nh2 cxd4 20. cxd4 Nc6 21. d5 Nb4 22. Bb1 a5 23. Rc1 Reb8 24. Qd2 Qd8 25. f4 Rc8 26. fxe5 dxe5 27. Rxc8 Rxc8 28. Qf2 Qe7 29. Qd2 Qd8 30. Rf1 Be8 31. h4 Na6 32. h5 b4 33. hxg6+ fxg6 34. Qe2 Qd6 35. Nf3 Bd7 36. Nd2 Ng4 37. Nc4 1/2-1/2

[Event "06.OIBayEM Bad Wiessee op"]
[Site "?"]
[Date "2002.11.02"]
[Round "8"]
[White "Mainka Romuald"]
[Black "Slobodjan Roman"]
[Result "1-0"]
[WhiteElo "2411"]
[BlackElo "2521"]
[PlyCount "76"]
[EventDate "2002.??.??"]
[Source "www.chesslib.no"]
[SourceDate "2004.05.04"]

1. e4 e5 2. Nf3 Nc6 3. Bc4 Be7 4. d3 Nf6 5. O-O O-O 6. a4 d6 7. a5 Rb8 8. c3 b5 9. axb6 axb6 10. Bb5 Bd7 11. Re1 Re8 12. Na3 Na7 13. Bc4 b5 14. Ba2 b4 15. Nc4 bxc3 16. bxc3 Nb5 17. Bd2 h6 18. Ne3 Bf8 19. Bc4 c6 20. Qc2 Nc7 21. Bb3 Ne6 22. d4 Nxe4 23. Bxe6 Nxd2 24. Bxf7+ Kxf7 25. Qxd2 e4 26. Qa2+ Kg6 27. Nd2 d5 28. Qc2 Kf7 29. f3 exf3 30. Nxf3 Kg8 31. Ra7 Re4 32. Nd2 Re7 33. Nf3 Qb6 34. Ra2 Re4 35. Nd2 Ree8 36. Raa1 Qc7 37. Nf5 Bxf5 38. Qxf5 Qf7 1-0

[Event "IND-ch 39th"]
[Site "Nagpur"]
[Date "2002.01.27"]
[Round "11"]
[White "Prasad, Devaki V"]
[Black "Thipsay, Praveen Mahadeo"]
[Result "1/2-1/2"]
[WhiteElo "2465"]
[BlackElo "2456"]
[PlyCount "57"]
[EventDate "2002.01.16"]
[Source "ChessBase"]
[SourceDate "2002.03.14"]

1. e4 e5 2. Nf3 Nc6 3. Bc4 Be7 4. O-O Nf6 5. d3 O-O 6. Re1 d6 7. a3 h6 8. b4 a6 9. Bb2 Nh7 10. h3 Ng5 11. Nbd2 Be6 12. Bd5 Qd7 13. d4 Nxf3+ 14. Nxf3 Bxd5 15. exd5 Nxd4 16. Nxd4 exd4 17. Bxd4 Rfe8 18. Qd3 Bf8 19. c4 c6 20. Bb2 Rac8 21. Kf1 cxd5 22. cxd5 Qa4 23. Rxe8 Qxe8 24. Re1 Qd7 25. Rc1 Rxc1+ 26. Bxc1 Qb5 27. Qxb5 axb5 28. Ke2 f5 29. Kd3 1/2-1/2

[Event "Chigorin mem-A 10th"]
[Site "?"]
[Date "2002.11.01"]
[Round "7"]
[White "Pridorozhni Aleksei"]
[Black "Bryzgalin Kirill"]
[Result "1-0"]
[WhiteElo "2475"]
[BlackElo "2439"]
[PlyCount "75"]
[EventDate "2002.??.??"]
[Source "www.chesslib.no"]
[SourceDate "2004.05.04"]

1. e4 e5 2. Nf3 Nc6 3. Bc4 Be7 4. O-O Nf6 5. d4 exd4 6. e5 Ne4 7. Bd5 Nc5 8. Re1 O-O 9. Nxd4 Nxd4 10. Qxd4 c6 11. Bf3 d5 12. Nc3 Bf5 13. Qd1 f6 14. Bf4 fxe5 15. Bxe5 Bf6 16. Qd2 Bg5 17. Qd4 Ne6 18. Qa4 Qb6 19. Ne2 Nc5 20. Qa3 Nd7 21. Bd6 Rfe8 22. c3 Be4 23. Bxe4 Rxe4 24. Ng3 Rxe1+ 25. Rxe1 c5 26. Nf5 g6 27. Qa4 Nf6 28. h4 gxf5 29. hxg5 Ne4 30. Rxe4 fxe4 31. Qd7 Qc6 32. Qe6+ Kg7 33. Qe7+ Kg6 34. Qf6+ Kh5 35. g6 Qd7 36. Bf4 h6 37. g7 Kg4 38. Qf8 1-0

[Event "FRA Ch Top 16 Poule Basse"]
[Site "?"]
[Date "2005.05.04"]
[Round "8"]
[White "Marcelin Cyril"]
[Black "Efimov Igor"]
[Result "1-0"]
[WhiteElo "2455"]
[BlackElo "2458"]
[PlyCount "95"]
[EventDate "2005.??.??"]
[Source "www.chesslib.no"]
[SourceDate "2004.05.04"]

1. e4 e5 2. Nf3 Nc6 3. Bc4 Be7 4. d4 d6 5. O-O Nf6 6. Re1 O-O 7. d5 Nb8 8. Bd3 Nbd7 9. c4 Nh5 10. Nc3 g6 11. Bh6 Ng7 12. Qc2 Nf6 13. c5 Ng4 14. Bd2 f5 15. h3 Nf6 16. Bh6 Nfe8 17. cxd6 cxd6 18. Rac1 a6 19. Qb3 Kh8 20. Be3 Bf6 21. Na4 f4 22. Bb6 Qe7 23. Ba5 Bd7 24. Nb6 Rd8 25. Nxd7 Rxd7 26. Rc8 g5 27. Nd2 Qf7 28. Be2 h5 29. Rec1 Qg6 30. f3 Rdf7 31. Rb8 b5 32. Rcc8 Be7 33. a4 bxa4 34. Qxa4 Nf6 35. Rxf8+ Bxf8 36. Bd8 Nd7 37. Ra8 Nc5 38. Qc6 g4 39. fxg4 f3 40. Bxf3 hxg4 41. hxg4 Qh6 42. g5 Qh4 43. g6 Qe1+ 44. Nf1 Rf4 45. Bg5 Nxe4 46. Bxf4 Qf2+ 47. Kh1 Qxf1+ 48. Kh2 1-0

[Event "Dato Arthur Tan Malaysian Op"]
[Site "Kuala Lumpur MAS"]
[Date "2007.08.21"]
[Round "3"]
[White "Lane, G."]
[Black "Dimakiling, O."]
[Result "1-0"]
[WhiteElo "2412"]
[BlackElo "2500"]
[PlyCount "59"]
[EventDate "2007.08.20"]
[Source "www.chesslib.no"]
[SourceDate "2004.05.04"]

1. e4 e5 2. Nf3 Nc6 3. Bc4 Be7 4. d4 d6 5. h3 Nf6 6. Nc3 O-O 7. O-O Nxe4 8. Nxe4 d5 9. Bxd5 Qxd5 10. Nc3 Qd6 11. dxe5 Nxe5 12. Nxe5 Qxe5 13. Re1 Qc5 14. Be3 Qc6 15. Nd5 Bd8 16. Qd3 b6 17. Rad1 Bb7 18. c4 Kh8 19. Bf4 a5 20. b3 Rc8 21. Qg3 Qc5 22. Be5 f6 23. Bd4 Qa3 24. Nf4 Be7 25. Bb2 Qxb2 26. Rxe7 g5 27. Qd3 f5 28. Nh5 Bc6 29. Re2 Be4 30. Rxb2 1-0

[Event "TCh-FRA Nat1 GpB"]
[Site "Clichy"]
[Date "2004.01.30"]
[Round "1"]
[White "Berkes, Ferenc"]
[Black "Mancini, Mario"]
[Result "1-0"]
[WhiteElo "2602"]
[BlackElo "2309"]
[PlyCount "53"]
[EventDate "2004.01.30"]
[Source "Roberto Alvarez"]
[SourceDate "2004.02.09"]

1. e4 e5 2. Nf3 Nc6 3. Bc4 Be7 4. O-O Nf6 5. Re1 Nxe4 6. Rxe4 d5 7. Bxd5 Qxd5 8. Nc3 Qa5 9. Rb1 Be6 10. a3 f5 11. b4 Qb6 12. Re1 e4 13. d3 Bf6 14. Na4 Qb5 15. c4 Bxc4 16. dxc4 Qxc4 17. Nc5 O-O 18. Nd2 Qd5 19. Ndxe4 Bd4 20. Ng5 Rad8 21. Qb3 b6 22. Nce6 Rfe8 23. Qxd5 Rxd5 24. Bf4 h6 25. Nxd4 Rxe1+ 26. Rxe1 hxg5 27. Nxc6 1-0

[Event "Indonesia"]
[Site "Indonesia"]
[Date "1983.??.??"]
[Round "21"]
[White "Radulov, Ivan"]
[Black "Handoko, Edhi"]
[Result "1-0"]
[WhiteElo "2490"]
[BlackElo "2420"]
[PlyCount "63"]
[EventDate "1983.11.??"]
[Source "ChessBase"]

1. e4 e5 2. Nf3 Nc6 3. Bc4 Be7 4. Nc3 Nf6 5. d4 d6 6. dxe5 dxe5 7. Qxd8+ Bxd8 8. Bg5 O-O 9. O-O-O Bg4 10. h3 Bxf3 11. gxf3 h6 12. Be3 Be7 13. Nd5 Nxd5 14. Bxd5 Bd6 15. c3 a5 16. a4 Rab8 17. Rhg1 Kh7 18. Rg2 Ne7 19. Bc4 Ng8 20. Kc2 Nf6 21. Rgg1 g6 22. Rd2 Kg7 23. Rgd1 Rfc8 24. Bb5 Ng8 25. Bb6 Be7 26. Bxa5 Ra8 27. Bd7 Nf6 28. Bxc8 Rxc8 29. c4 Bd6 30. Bc3 g5 31. b4 c6 32. Rxd6 1-0

[Event "Campionato europeo 2007"]
[Site "Dresda GER"]
[Date "2007.04.09"]
[Round "7.108"]
[White "Andriasian, Zaven"]
[Black "Erturan, Yakup"]
[Result "1-0"]
[WhiteElo "2523"]
[BlackElo "2383"]
[PlyCount "49"]
[EventDate "2007.04.03"]
[Source "www.chesslib.no"]
[SourceDate "2004.05.04"]

1. e4 e5 2. Nf3 Nc6 3. Bc4 Be7 4. d4 exd4 5. c3 Na5 6. Be2 dxc3 7. Nxc3 d6 8. O-O Nf6 9. Qa4+ Nc6 10. e5 Nd7 11. exd6 cxd6 12. Rd1 Nb6 13. Qf4 O-O 14. Qg3 d5 15. Bf4 Be6 16. a4 Bf6 17. Ng5 Nd4 18. Rxd4 Bxd4 19. Qd3 Bxf2+ 20. Kxf2 g6 21. Qd4 Nc4 22. Kg1 Qb6 23. Qxb6 Nxb6 24. a5 Nd7 25. Rd1 1-0

[Event "Paris Open"]
[Site "Paris FRA"]
[Date "1983.??.??"]
[Round "3"]
[White "Nunn, John D M"]
[Black "Macles, Jacques"]
[Result "1-0"]
[WhiteElo "2585"]
[BlackElo "2320"]
[PlyCount "83"]
[EventDate "1983.05.06"]
[Source "www.chesslib.no"]
[SourceDate "2004.05.04"]

1. e4 e5 2. Nf3 Nc6 3. Bc4 Be7 4. O-O Nf6 5. d3 d6 6. c3 O-O 7. Bb3 h6 8. Re1 Re8 9. Nbd2 Bf8 10. Nf1 Be6 11. Ng3 Bxb3 12. Qxb3 Na5 13. Qc2 c5 14. c4 Nc6 15. Bd2 a6 16. Nf5 Kh7 17. a3 Rb8 18. Ne3 Qd7 19. h3 b5 20. b3 g6 21. Rec1 Rec8 22. Qd1 Bg7 23. Rab1 Rb7 24. b4 cxb4 25. axb4 Rcb8 26. Ra1 bxc4 27. Nxc4 d5 28. Ncxe5 Nxe5 29. Nxe5 Qe8 30. Nc6 Rc8 31. exd5 Nxd5 32. Rxa6 Qe6 33. Qb3 Nxb4 34. Qxe6 fxe6 35. Bxb4 Rxb4 36. Re1 Rb3 37. d4 Re8 38. d5 e5 39. Rd1 Rb7 40. d6 Rd7 41. Ra7 Rxa7 42. Nxa7 1-0

[Event "300 Years"]
[Site "St Petersburg"]
[Date "2003.10.18"]
[Round "1"]
[White "Shaposhnikov, Evgeny"]
[Black "Khromkin, A."]
[Result "1-0"]
[WhiteElo "2554"]
[BlackElo "2350"]
[PlyCount "67"]
[EventDate "2003.10.18"]
[Source "Roberto Alvarez"]
[SourceDate "2003.10.27"]

1. e4 e5 2. Nf3 Nc6 3. Bc4 Be7 4. O-O Nf6 5. d3 O-O 6. Re1 d6 7. c3 Na5 8. Bb5 Bd7 9. Bxd7 Nxd7 10. Nbd2 Nc6 11. Nf1 Nb6 12. d4 exd4 13. cxd4 d5 14. e5 f5 15. Ng3 Bb4 16. Re2 Qe8 17. Rc2 Rc8 18. Qd3 Be7 19. a3 Qf7 20. Ne2 Nd8 21. a4 c6 22. a5 Na8 23. a6 b6 24. Bg5 Re8 25. Rac1 Nc7 26. Bxe7 Rxe7 27. Nf4 Ra8 28. Ng5 Qf8 29. Qh3 g6 30. Rc3 Qg7 31. Rg3 Ne8 32. Nxh7 Qxh7 33. Rxg6+ Kf8 34. Rh6 1-0

[Event "DSV-Turnier"]
[Site "Halle"]
[Date "1974.??.??"]
[Round "?"]
[White "Filipowicz, Andrzej"]
[Black "Ciocaltea, Victor"]
[Result "0-1"]
[WhiteElo "2430"]
[BlackElo "2470"]
[PlyCount "114"]
[EventDate "1974.??.??"]
[Source "ChessBase"]

1. e4 e5 2. Nf3 Nc6 3. Bc4 Be7 4. d4 d6 5. d5 Nb8 6. Bb5+ c6 7. dxc6 bxc6 8. Bc4 Nf6 9. Nc3 O-O 10. O-O Nbd7 11. Qe2 a5 12. Rd1 Qc7 13. Bg5 Nb6 14. Bd3 h6 15. Bh4 Nh5 16. Bxe7 Qxe7 17. Qe3 Rb8 18. Ne2 Na4 19. b3 Nc5 20. Bc4 Kh7 21. Ng3 Nxg3 22. hxg3 g6 23. Qd2 Nxe4 24. Qxa5 d5 25. Re1 f6 26. Bd3 Nc5 27. Bf1 Be6 28. a4 Ne4 29. Re3 Qd6 30. Rd1 f5 31. Bd3 Ra8 32. Qe1 Qc7 33. Bxe4 fxe4 34. Nd2 Rf7 35. f3 exf3 36. gxf3 Qa7 37. Kg2 e4 38. fxe4 Raf8 39. Qg1 Qd7 40. Rde1 Bh3+ 41. Kh1 Rf2 42. R3e2 Bg2+ 43. Qxg2 Rxg2 44. Kxg2 dxe4 45. Nxe4 Qd5 46. c4 Qe5 47. Re3 h5 48. Nf2 Qd4 49. R1e2 Kh6 50. Nh3 Rf6 51. Ng1 Qd7 52. Nf3 Qf5 53. Nd2 h4 54. Rf3 Qg4 55. Ref2 Rf5 56. Nf1 h3+ 57. Kh1 Rxf3 0-1

[Event "Corr"]
[Site "?"]
[Date "2001.11.01"]
[Round "?"]
[White "Binder Gerhard (GER)"]
[Black "Hristov Ilja (BUL)"]
[Result "0-1"]
[WhiteElo "2457"]
[BlackElo "2443"]
[PlyCount "84"]
[EventDate "2001.??.??"]
[Source "www.chesslib.no"]
[SourceDate "2004.05.04"]

1. e4 e5 2. Nf3 Nc6 3. Bc4 Be7 4. d4 d6 5. Nc3 Nf6 6. h3 O-O 7. O-O exd4 8. Nxd4 Bd7 9. Be3 Ne5 10. Be2 c5 11. Nb3 Bc6 12. f4 Ng6 13. Qd3 b5 14. Nd2 d5 15. exd5 c4 16. Qd4 Nxd5 17. Nxd5 Bxd5 18. Bf3 Bxf3 19. Qxd8 Rfxd8 20. Nxf3 Bf6 21. Rab1 Rd5 22. g3 b4 23. Nd2 Rc8 24. Ne4 Be7 25. a4 bxa3 26. bxa3 f5 27. Nc3 Ra5 28. a4 Bf6 29. Nb5 Rxa4 30. Nd6 Rd8 31. Nxf5 Ra2 32. Rf2 a5 33. c3 Ra3 34. Rd2 Ra8 35. Bd4 Rb3 36. Rc1 a4 37. Bxf6 gxf6 38. Nd6 a3 39. Nxc4 a2 40. Rdd1 Rab8 41. Nd2 Rb2 42. Kf2 Rd8 0-1

[Event "Bijeljina Dvorovi"]
[Site "Bijeljina Dvorovi"]
[Date "2002.01.26"]
[Round "1"]
[White "Cabrilo, Goran"]
[Black "Orlov, Pavle"]
[Result "1-0"]
[WhiteElo "2509"]
[BlackElo "2390"]
[PlyCount "96"]
[EventDate "2002.01.26"]
[Source "ChessBase"]
[SourceDate "2002.03.21"]

1. e4 e5 2. Nf3 Nc6 3. Bc4 Be7 4. O-O d6 5. c3 Nf6 6. d3 O-O 7. Re1 Na5 8. Bb5 c6 9. Ba4 b5 10. Bc2 c5 11. Nbd2 Rb8 12. d4 Qc7 13. d5 Bg4 14. b3 Nb7 15. h3 Bd7 16. Nf1 c4 17. b4 a5 18. Ng3 Ra8 19. Nf5 Bxf5 20. exf5 axb4 21. cxb4 Ra6 22. Nh2 Rfa8 23. a3 Nd8 24. g4 h6 25. h4 Nh7 26. Nf3 f6 27. Nd2 Nf7 28. Ne4 Bd8 29. Re3 Qa7 30. Rg3 Qd4 31. Rb1 Qxd1+ 32. Bxd1 Rb8 33. a4 bxa4 34. Ra3 Bb6 35. Be2 Bd4 36. b5 Ra7 37. Rb4 Nf8 38. Rxc4 Nd7 39. Rcxa4 Rxa4 40. Rxa4 Nb6 41. Ra6 Nxd5 42. Bc4 Nb4 43. Rxd6 Rc8 44. Bxf7+ Kxf7 45. Bd2 Rc4 46. Rxf6+ Kg8 47. Rd6 Nd3 48. Rd8+ Kh7 1-0

[Event "Saint Lo FRA"]
[Site "?"]
[Date "2005.07.14"]
[Round "7"]
[White "Ninov Nikolai"]
[Black "Vepkhvishvili Varlam"]
[Result "1-0"]
[WhiteElo "2493"]
[BlackElo "2401"]
[PlyCount "67"]
[EventDate "2005.??.??"]
[Source "www.chesslib.no"]
[SourceDate "2004.05.04"]

1. e4 e5 2. Nf3 Nc6 3. Bc4 Be7 4. d4 d6 5. Nc3 Nf6 6. dxe5 dxe5 7. Qxd8+ Bxd8 8. Be3 h6 9. h3 O-O 10. O-O-O Be7 11. Nd5 Nxd5 12. exd5 Na5 13. Nxe5 Nxc4 14. Nxc4 b5 15. Na5 Bd6 16. a3 f5 17. b4 f4 18. Bc5 f3 19. g3 Bf5 20. Nc6 Rfe8 21. h4 Re2 22. Rd2 Rae8 23. Bxd6 Rxd2 24. Kxd2 Re2+ 25. Kc3 cxd6 26. Nd4 Re5 27. Nxb5 Rxd5 28. Nxa7 Bd7 29. Rb1 Ba4 30. b5 Rc5+ 31. Kb4 Bxb5 32. Nxb5 Rxc2 33. Rb3 Rxf2 34. Nd4 1-0

[Event "TCh-SCG Men"]
[Site "Budva"]
[Date "2004.09.13"]
[Round "6"]
[White "Kovacevic, Aleksandar"]
[Black "Kurcubic, Aleksandar"]
[Result "1-0"]
[WhiteElo "2551"]
[BlackElo "2342"]
[PlyCount "99"]
[EventDate "2004.09.08"]
[Source "Roberto Alvarez"]
[SourceDate "2004.09.21"]

1. e4 e5 2. Nf3 Nc6 3. Bc4 Be7 4. d4 d6 5. dxe5 dxe5 6. Qxd8+ Bxd8 7. Nc3 Nge7 8. Be3 Bg4 9. O-O-O a6 10. a3 Nc8 11. h3 Be6 12. Bxe6 fxe6 13. Na4 Nd6 14. Nc5 Kf7 15. Rhe1 Bf6 16. Ng5+ Bxg5 17. Bxg5 h6 18. Bh4 g5 19. Bg3 Ke7 20. b3 b6 21. Nd3 Nf7 22. h4 Rad8 23. f3 Rd6 24. Rh1 Rdd8 25. Kb2 Rhg8 26. hxg5 hxg5 27. Rh7 Rh8 28. Rxh8 Rxh8 29. Nf2 Rd8 30. Re1 Kf6 31. Ng4+ Kg6 32. Kc1 Kg7 33. c3 Kf8 34. Kc2 Kg7 35. Rh1 Kg6 36. Ra1 Rd7 37. b4 Rd8 38. a4 b5 39. axb5 axb5 40. Ra6 Rd6 41. Ra8 Rd8 42. Rxd8 Nfxd8 43. Nxe5+ Nxe5 44. Bxe5 c6 45. Kd3 Nb7 46. c4 Kf7 47. c5 Ke7 48. Bc7 Kd7 49. Bb6 e5 50. Ke3 1-0

[Event "Open"]
[Site "Groningen op"]
[Date "1989.??.??"]
[Round "7"]
[White "Motwani, Paul"]
[Black "Szymczak, Zbigniew"]
[Result "0-1"]
[WhiteElo "2490"]
[BlackElo "2400"]
[PlyCount "34"]
[EventDate "1989.??.??"]
[Source "www.chesslib.no"]
[SourceDate "2004.05.04"]

1. e4 e5 2. Nf3 Nc6 3. Bc4 Be7 4. d4 d6 5. d5 Nb8 6. Bd3 Nf6 7. c4 O-O 8. h4 Na6 9. Nc3 Ne8 10. Qe2 Nc5 11. Bc2 c6 12. Be3 cxd5 13. Nxd5 Nf6 14. Nc3 Qc7 15. O-O a6 16. Rac1 a5 17. Ne1 g6 0-1